| 000 | 00348cam a22001217a 4500 | ||
|---|---|---|---|
| 008 | 180718b1961 xxu||||| |||| 00| 0 eng d | ||
| 082 | _aA6x7282 W117 | ||
| 100 | _aWaddell, D.A.G. | ||
| 245 |
_aBritish Honduras: a historical and contemporary survey. _cby D.A.G. Waddell |
||
| 260 |
_aLondon _bOxford _c1961 |
||
| 300 | _avii, 151p | ||
| 650 | _aBelize. | ||
| 999 |
_c413366 _d413366 |
||